Joaquín Sabina : perdonen la tristeza / Javier Menéndez Flores

Salvato in:
Dettagli Bibliografici
Autore principale: Menéndez Flores, Javier (autor)
Natura: Libro
Soggetti:
Tags: Aggiungi Tag
Nessun Tag, puoi essere il primo ad aggiungerne!!

MARC

LEADER 00000nam^a2200000^u^4500
001 000550777
005 20250521000000.0
008 060220s1000^^^^^^^^^^^^r^^^^^000^0^spa^d
009 20260310131541.607
035 |a FMI 000020556 
037 |a Acervo Xavier Clavigero 
096 |a 3.6.2/61/E 
100 |a Menéndez Flores, Javier  |e (autor) 
245 1 0 |a Joaquín Sabina : perdonen la tristeza / Javier Menéndez Flores 
264 |a Barcelona : Plaza & Janés, 2001 
300 |a 287 p. 
336 |a texto  |b txt  |2 rdacontenido 
337 |a sin mediación  |b n  |2 rdamedio 
338 |a volumen  |b nc  |2 rdasoporte 
649 |a XX 
650 |a 1.Sabina, Joaquín 
910 |a Fondo Francisco Migoya Covarrubias S.J. 
920 |a Impresos - Libros 
930 |a Fondos Especiales 
905 |a 134 
901 |a SBC23025  |b IT2  |c ESP  |u 20250521 
902 |a https://opac.biblio.iteso.mx/vufind/Record/000550777